[Event "Blitz 2018"]
[Site "Saint-Petersburg"]
[Date "2018.12.29"]
[Round "1"]
[Board "16"]
[White "Fridman Daniel (GER)"]
[Black "Le Quang Liem (VIE)"]
[Result "1/2-1/2"]
[LiveChessVersion "1.4.8"]
[BlackElo "2749"]
[WhiteElo "2530"]

1. d4 {[%clk 0:03:01]} Nf6 {[%clk 0:03:03]} 2. Nf3 {[%clk 0:03:01]} e6
{[%clk 0:03:03]} 3. c4 {[%clk 0:03:01]} b6 {[%clk 0:03:04]} 4. g3
{[%clk 0:03:02]} Ba6 {[%clk 0:03:03]} 5. b3 {[%clk 0:03:01]} Bb4+
{[%clk 0:03:02]} 6. Bd2 {[%clk 0:03:02]} Be7 {[%clk 0:03:02]} 7. Nc3
{[%clk 0:03:03]} d5 {[%clk 0:02:58]} 8. cxd5 {[%clk 0:03:03]} exd5
{[%clk 0:02:58]} 9. Bg2 {[%clk 0:03:04]} O-O {[%clk 0:02:58]} 10. O-O
{[%clk 0:03:04]} Re8 {[%clk 0:02:54]} 11. Rc1 {[%clk 0:03:04]} Bb7
{[%clk 0:02:44]} 12. Bf4 {[%clk 0:03:01]} c5 {[%clk 0:02:35]} 13. Ne5
{[%clk 0:02:49]} Bf8 {[%clk 0:02:21]} 14. e3 {[%clk 0:02:44]} Na6
{[%clk 0:02:20]} 15. h4 {[%clk 0:01:46]} Nc7 {[%clk 0:02:11]} 16. g4
{[%clk 0:01:38]} Ne6 {[%clk 0:01:57]} 17. Bg3 {[%clk 0:01:38]} cxd4
{[%clk 0:01:54]} 18. exd4 {[%clk 0:01:38]} Rc8 {[%clk 0:01:36]} 19. Qd3
{[%clk 0:01:39]} Bd6 {[%clk 0:01:04]} 20. g5 {[%clk 0:01:13]} Bxe5
{[%clk 0:01:04]} 21. dxe5 {[%clk 0:01:11]} Nc5 {[%clk 0:00:39]} 22. Qd4
{[%clk 0:01:00]} Nfe4 {[%clk 0:00:40]} 23. Rfd1 {[%clk 0:00:57]} Nxg3
{[%clk 0:00:40]} 24. fxg3 {[%clk 0:00:57]} Ne6 {[%clk 0:00:32]} 25. Qd2
{[%clk 0:00:56]} Rc5 {[%clk 0:00:29]} 26. Nxd5 {[%clk 0:00:40]} Qb8
{[%clk 0:00:25]} 27. Rxc5 {[%clk 0:00:27]} Nxc5 {[%clk 0:00:26]} 28. Re1
{[%clk 0:00:20]} Rd8 {[%clk 0:00:24]} 29. Rd1 {[%clk 0:00:21]} Re8
{[%clk 0:00:26]} 30. Re1 {[%clk 0:00:22]} Rd8 {[%clk 0:00:27]} 31. Rd1
{[%clk 0:00:24]} 1/2-1/2

[Event "Blitz 2018"]
[Site "Saint-Petersburg"]
[Date "2018.12.29"]
[Round "1"]
[Board "17"]
[White "Sjugirov Sanan (RUS)"]
[Black "Kevlishvili Robby (NED)"]
[Result "0-1"]
[LiveChessVersion "1.4.8"]
[BlackElo "2530"]
[WhiteElo "2748"]

1. e4 {[%clk 0:03:02]} e5 {[%clk 0:03:03]} 2. Nf3 {[%clk 0:03:03]} Nc6
{[%clk 0:03:03]} 3. Bb5 {[%clk 0:03:04]} a6 {[%clk 0:03:04]} 4. Ba4
{[%clk 0:03:06]} Nf6 {[%clk 0:03:04]} 5. O-O {[%clk 0:03:06]} Be7
{[%clk 0:03:04]} 6. Re1 {[%clk 0:03:04]} b5 {[%clk 0:03:05]} 7. Bb3
{[%clk 0:03:05]} d6 {[%clk 0:03:06]} 8. c3 {[%clk 0:03:04]} O-O {[%clk 0:03:05]}
9. h3 {[%clk 0:03:05]} Nb8 {[%clk 0:03:05]} 10. d4 {[%clk 0:02:45]} Nbd7
{[%clk 0:03:06]} 11. Nbd2 {[%clk 0:02:43]} Bb7 {[%clk 0:03:07]} 12. Bc2
{[%clk 0:02:39]} Re8 {[%clk 0:03:07]} 13. Nf1 {[%clk 0:02:32]} Bf8
{[%clk 0:03:08]} 14. Ng3 {[%clk 0:02:33]} g6 {[%clk 0:03:07]} 15. Bg5
{[%clk 0:02:24]} h6 {[%clk 0:03:07]} 16. Bd2 {[%clk 0:02:25]} exd4
{[%clk 0:03:06]} 17. cxd4 {[%clk 0:02:22]} c5 {[%clk 0:03:06]} 18. d5
{[%clk 0:02:08]} Bg7 {[%clk 0:03:05]} 19. Qc1 {[%clk 0:02:06]} Kh7
{[%clk 0:02:47]} 20. Bf4 {[%clk 0:02:00]} Qe7 {[%clk 0:02:43]} 21. Rb1
{[%clk 0:01:49]} Rac8 {[%clk 0:02:41]} 22. h4 {[%clk 0:01:44]} Ng4
{[%clk 0:02:40]} 23. h5 {[%clk 0:01:42]} Nde5 {[%clk 0:02:41]} 24. Qd1
{[%clk 0:01:26]} Qf6 {[%clk 0:02:28]} 25. Nxe5 {[%clk 0:01:14]} Nxf2
{[%clk 0:01:29]} 26. Qf3 {[%clk 0:01:04]} dxe5 {[%clk 0:01:28]} 27. Be3
{[%clk 0:00:53]} Nh3+ {[%clk 0:01:24]} 28. Kf1 {[%clk 0:00:50]} Qxf3+
{[%clk 0:01:11]} 29. gxf3 {[%clk 0:00:52]} Nf4 {[%clk 0:01:12]} 30. Kf2
{[%clk 0:00:46]} c4 {[%clk 0:01:13]} 31. Rbd1 {[%clk 0:00:44]} Bf6
{[%clk 0:01:11]} 32. Rh1 {[%clk 0:00:42]} Kg7 {[%clk 0:01:06]} 33. Rdg1
{[%clk 0:00:28]} Bg5 {[%clk 0:00:56]} 34. Ne2 {[%clk 0:00:25]} Nxe2
{[%clk 0:00:46]} 35. Kxe2 {[%clk 0:00:25]} Bxe3 {[%clk 0:00:44]} 36. Kxe3
{[%clk 0:00:27]} g5 {[%clk 0:00:44]} 37. a4 {[%clk 0:00:11]} b4 {[%clk 0:00:43]}
38. Rc1 {[%clk 0:00:12]} f5 {[%clk 0:00:34]} 39. exf5 {[%clk 0:00:08]} Bxd5
{[%clk 0:00:33]} 40. Rhd1 {[%clk 0:00:09]} Red8 {[%clk 0:00:29]} 41. Be4
{[%clk 0:00:09]} Bf7 {[%clk 0:00:29]} 42. Bb7 {[%clk 0:00:05]} Rxd1
{[%clk 0:00:22]} 43. Rxd1 {[%clk 0:00:06]} Rc7 {[%clk 0:00:24]} 44. Bxa6
{[%clk 0:00:07]} c3 {[%clk 0:00:25]} 45. bxc3 {[%clk 0:00:07]} Rxc3+
{[%clk 0:00:21]} 46. Ke4 {[%clk 0:00:08]} Bxh5 {[%clk 0:00:20]} 47. Rd7+
{[%clk 0:00:07]} Kf6 {[%clk 0:00:18]} 48. Rd6+ {[%clk 0:00:08]} Ke7
{[%clk 0:00:18]} 49. Rxh6 {[%clk 0:00:06]} Bxf3+ {[%clk 0:00:19]} 50. Kxe5
{[%clk 0:00:07]} Rc5+ {[%clk 0:00:19]} 51. Kd4 {[%clk 0:00:08]} Rxf5
{[%clk 0:00:20]} 52. Bc4 {[%clk 0:00:06]} g4 {[%clk 0:00:16]} 53. Re6+
{[%clk 0:00:06]} Kf8 {[%clk 0:00:16]} 54. Rg6 {[%clk 0:00:07]} Rf4+
{[%clk 0:00:13]} 55. Kc5 {[%clk 0:00:07]} Bd1 {[%clk 0:00:08]} 56. Bd5
{[%clk 0:00:04]} Ke7 {[%clk 0:00:05]} 57. Rg7+ {[%clk 0:00:03]} Kf6
{[%clk 0:00:06]} 58. Rf7+ {[%clk 0:00:04]} Ke5 59. Re7+ Kf6 {[%clk 0:00:09]} 60.
Rf7+ {[%clk 0:00:07]} Kg5 {[%clk 0:00:10]} 61. Rg7+ {[%clk 0:00:08]} Kh4
{[%clk 0:00:11]} 62. a5 {[%clk 0:00:09]} b3 {[%clk 0:00:11]} 63. a6
{[%clk 0:00:09]} Ra4 {[%clk 0:00:11]} 64. a7 {[%clk 0:00:09]} b2 {[%clk 0:00:12]}
65. Be4 {[%clk 0:00:04]} Bf3 {[%clk 0:00:08]} 66. Rh7+ {[%clk 0:00:04]} Kg5
{[%clk 0:00:08]} 67. Bb1 {[%clk 0:00:04]} g3 {[%clk 0:00:07]} 68. Rg7+
{[%clk 0:00:05]} Kf4 {[%clk 0:00:08]} 69. Rf7+ {[%clk 0:00:06]} Ke3
{[%clk 0:00:10]} 70. Bc2 {[%clk 0:00:06]} Ra1 {[%clk 0:00:10]} 71. Re7+
{[%clk 0:00:04]} Kf2 {[%clk 0:00:11]} 72. Rf7 {[%clk 0:00:03]} g2
{[%clk 0:00:11]} 73. Be4 {[%clk 0:00:04]} g1=Q {[%clk 0:00:11]} 74. Bxf3
{[%clk 0:00:05]} Kg3+ {[%clk 0:00:12]} 75. Kc4 {[%clk 0:00:06]} Rxa7
{[%clk 0:00:11]} 76. Kd4 0-1

[Event "Blitz 2018"]
[Site "Saint-Petersburg"]
[Date "2018.12.29"]
[Round "1"]
[Board "19"]
[White "Mamedov Rauf (AZE)"]
[Black "Geller Jakov (RUS)"]
[Result "1-0"]
[LiveChessVersion "1.4.8"]
[BlackElo "2528"]
[WhiteElo "2741"]

1. e4 {[%clk 0:03:03]} c5 {[%clk 0:03:03]} 2. Nf3 {[%clk 0:03:04]} g6
{[%clk 0:03:03]} 3. d4 {[%clk 0:02:58]} cxd4 {[%clk 0:03:03]} 4. Nxd4
{[%clk 0:02:59]} Nc6 {[%clk 0:03:03]} 5. Nc3 {[%clk 0:03:00]} Bg7
{[%clk 0:03:03]} 6. Be3 {[%clk 0:03:00]} Nf6 {[%clk 0:03:03]} 7. Bc4
{[%clk 0:03:01]} O-O {[%clk 0:03:03]} 8. Bb3 {[%clk 0:03:01]} d6 {[%clk 0:03:03]}
9. f3 {[%clk 0:02:57]} Qa5 {[%clk 0:03:03]} 10. Qd2 {[%clk 0:02:56]} Nxd4
{[%clk 0:03:03]} 11. Bxd4 {[%clk 0:02:56]} Be6 {[%clk 0:03:03]} 12. O-O
{[%clk 0:02:53]} Rfc8 {[%clk 0:02:42]} 13. Rad1 {[%clk 0:02:40]} a6
{[%clk 0:02:30]} 14. Rfe1 {[%clk 0:02:22]} Rc7 {[%clk 0:01:42]} 15. Kh1
{[%clk 0:01:51]} Bxb3 {[%clk 0:01:31]} 16. axb3 {[%clk 0:01:52]} Rc6
{[%clk 0:01:19]} 17. Ra1 {[%clk 0:01:39]} Qc7 {[%clk 0:01:14]} 18. Bxf6
{[%clk 0:01:23]} Bxf6 {[%clk 0:01:11]} 19. Nd5 {[%clk 0:01:24]} Qd7
{[%clk 0:01:05]} 20. e5 {[%clk 0:00:25]} Bg7 {[%clk 0:00:49]} 21. c4
{[%clk 0:00:20]} Re8 {[%clk 0:00:18]} 22. Rad1 {[%clk 0:00:18]} Kf8
{[%clk 0:00:09]} 23. f4 {[%clk 0:00:11]} dxe5 {[%clk 0:00:09]} 24. fxe5
{[%clk 0:00:13]} Qf5 {[%clk 0:00:05]} 25. Qb4 {[%clk 0:00:06]} b5
{[%clk 0:00:03]} 26. Nxe7 {[%clk 0:00:07]} a5 {[%clk 0:00:00]} 1-0

[Event "Blitz 2018"]
[Site "Saint-Petersburg"]
[Date "2018.12.29"]
[Round "1"]
[Board "20"]
[White "Iljin Artem (RUS)"]
[Black "Zubov Alexander (UKR)"]
[Result "0-1"]
[LiveChessVersion "1.4.8"]
[BlackElo "2729"]
[WhiteElo "2525"]

1. Nf3 {[%clk 0:03:02]} d5 {[%clk 0:03:01]} 2. d4 {[%clk 0:03:03]} Nf6
{[%clk 0:02:56]} 3. c4 {[%clk 0:03:04]} dxc4 {[%clk 0:02:53]} 4. e3
{[%clk 0:03:03]} e6 {[%clk 0:02:51]} 5. Bxc4 {[%clk 0:03:01]} a6 {[%clk 0:02:52]}
6. O-O {[%clk 0:02:55]} b5 {[%clk 0:02:49]} 7. Bb3 {[%clk 0:02:45]} Bb7
{[%clk 0:02:47]} 8. Qe2 {[%clk 0:02:39]} c5 {[%clk 0:02:31]} 9. Rd1
{[%clk 0:02:22]} Nbd7 {[%clk 0:01:54]} 10. a4 {[%clk 0:01:46]} Be7
{[%clk 0:01:22]} 11. dxc5 {[%clk 0:01:17]} Bxc5 {[%clk 0:01:02]} 12. axb5
{[%clk 0:00:51]} axb5 {[%clk 0:01:02]} 13. Rxa8 {[%clk 0:00:49]} Qxa8
{[%clk 0:01:01]} 14. Na3 {[%clk 0:00:18]} b4 {[%clk 0:00:57]} 15. Nc2
{[%clk 0:00:17]} O-O {[%clk 0:00:46]} 16. Bd2 {[%clk 0:00:19]} Qa5
{[%clk 0:00:45]} 17. Ra1 {[%clk 0:00:18]} Qb6 {[%clk 0:00:45]} 18. h3
{[%clk 0:00:16]} Rc8 {[%clk 0:00:39]} 19. Be1 {[%clk 0:00:10]} g6
{[%clk 0:00:31]} 20. Qd1 {[%clk 0:00:11]} e5 {[%clk 0:00:25]} 21. Ra4
{[%clk 0:00:11]} Bc6 {[%clk 0:00:25]} 22. Ra6 {[%clk 0:00:12]} Qxa6
{[%clk 0:00:25]} 0-1

[Event "Blitz 2018"]
[Site "Saint-Petersburg"]
[Date "2018.12.29"]
[Round "1"]
[Board "22"]
[White "Nozdrachev Vladislav (RUS)"]
[Black "Gelfand Boris (ISR)"]
[Result "1/2-1/2"]
[LiveChessVersion "1.4.8"]
[BlackElo "2722"]
[WhiteElo "2521"]

1. d4 {[%clk 0:03:03]} Nf6 {[%clk 0:03:04]} 2. Nf3 {[%clk 0:03:03]} d5
{[%clk 0:03:05]} 3. g3 {[%clk 0:03:02]} e6 {[%clk 0:03:02]} 4. Bg2
{[%clk 0:03:01]} b5 {[%clk 0:03:04]} 5. O-O {[%clk 0:02:55]} Be7 {[%clk 0:03:05]}
6. b3 {[%clk 0:02:56]} Ba6 {[%clk 0:02:34]} 7. Ne5 {[%clk 0:02:50]} Nfd7
{[%clk 0:02:30]} 8. Nxd7 {[%clk 0:02:34]} Nxd7 {[%clk 0:02:26]} 9. e4
{[%clk 0:02:35]} dxe4 {[%clk 0:02:20]} 10. Bxe4 Rb8 11. Re1 {[%clk 0:02:35]} O-O
{[%clk 0:02:20]} 12. Bg2 {[%clk 0:02:33]} Nf6 {[%clk 0:02:15]} 13. Bb2
{[%clk 0:02:28]} Bb7 {[%clk 0:02:11]} 14. Nd2 {[%clk 0:02:27]} Bxg2
{[%clk 0:01:54]} 15. Kxg2 {[%clk 0:02:27]} c5 {[%clk 0:01:54]} 16. dxc5
{[%clk 0:02:21]} Qd5+ {[%clk 0:01:46]} 17. Nf3 {[%clk 0:02:20]} Qxc5
{[%clk 0:01:47]} 18. Re5 {[%clk 0:02:14]} Qc6 {[%clk 0:01:32]} 19. Qe2
{[%clk 0:02:08]} Rfc8 {[%clk 0:01:28]} 20. Rc1 {[%clk 0:02:07]} Qb7
{[%clk 0:01:28]} 21. Kg1 {[%clk 0:01:59]} Nd5 {[%clk 0:01:23]} 22. Rd1
{[%clk 0:01:10]} Nc3 {[%clk 0:01:00]} 23. Bxc3 {[%clk 0:01:10]} Rxc3
{[%clk 0:01:02]} 24. Rxe6 {[%clk 0:00:57]} fxe6 {[%clk 0:00:47]} 25. Qxe6+ Kh8
26. Ne5 {[%clk 0:00:57]} Rf8 {[%clk 0:00:50]} 27. Rd7 {[%clk 0:00:50]} Qb6
{[%clk 0:00:49]} 28. Nf7+ {[%clk 0:00:48]} Rxf7 {[%clk 0:00:42]} 29. Qxf7
{[%clk 0:00:49]} h6 {[%clk 0:00:21]} 30. Qxe7 Qg6 31. Qf8+ {[%clk 0:00:28]} Kh7
{[%clk 0:00:22]} 32. Rd8 {[%clk 0:00:26]} Qe6 {[%clk 0:00:16]} 33. Qe8
{[%clk 0:00:18]} Qxe8 {[%clk 0:00:15]} 34. Rxe8 {[%clk 0:00:19]} Rxc2
{[%clk 0:00:16]} 35. Rb8 {[%clk 0:00:12]} a6 {[%clk 0:00:13]} 36. a4
{[%clk 0:00:11]} bxa4 {[%clk 0:00:13]} 37. bxa4 {[%clk 0:00:12]} Rc4
{[%clk 0:00:15]} 38. Rb6 {[%clk 0:00:11]} Rxa4 {[%clk 0:00:16]} 39. h4
{[%clk 0:00:11]} 1/2-1/2

[Event "Blitz 2018"]
[Site "Saint-Petersburg"]
[Date "2018.12.29"]
[Round "1"]
[Board "23"]
[White "Jones Gawain C B (ENG)"]
[Black "Miton Kamil (POL)"]
[Result "0-1"]
[LiveChessVersion "1.4.8"]
[BlackElo "2520"]
[WhiteElo "2722"]

1. e4 {[%clk 0:03:02]} c5 {[%clk 0:03:03]} 2. Nf3 {[%clk 0:03:02]} d6
{[%clk 0:03:03]} 3. Bb5+ {[%clk 0:03:03]} Bd7 {[%clk 0:03:03]} 4. Bxd7+
{[%clk 0:03:03]} Nxd7 {[%clk 0:03:03]} 5. O-O {[%clk 0:03:01]} Ngf6
{[%clk 0:03:03]} 6. Re1 {[%clk 0:03:01]} e6 {[%clk 0:03:03]} 7. b3
{[%clk 0:02:59]} Be7 {[%clk 0:03:02]} 8. Bb2 {[%clk 0:03:00]} O-O
{[%clk 0:03:00]} 9. c4 {[%clk 0:03:00]} e5 {[%clk 0:02:32]} 10. Nc3
{[%clk 0:02:59]} g6 {[%clk 0:02:30]} 11. d3 {[%clk 0:02:48]} Nh5 {[%clk 0:02:30]}
12. Bc1 {[%clk 0:02:43]} Bf6 {[%clk 0:02:17]} 13. Nd2 {[%clk 0:02:36]} Bg5
{[%clk 0:02:12]} 14. g3 {[%clk 0:02:28]} Nb8 {[%clk 0:01:57]} 15. Nd5
{[%clk 0:02:17]} Nc6 {[%clk 0:01:54]} 16. f4 {[%clk 0:02:10]} Bh6
{[%clk 0:01:50]} 17. f5 {[%clk 0:02:02]} Nf6 {[%clk 0:01:39]} 18. Nf3
{[%clk 0:01:53]} Bxc1 {[%clk 0:01:37]} 19. Qxc1 {[%clk 0:01:52]} Nxd5
{[%clk 0:01:34]} 20. cxd5 {[%clk 0:01:50]} Nd4 {[%clk 0:01:35]} 21. Nxd4
{[%clk 0:01:49]} cxd4 {[%clk 0:01:35]} 22. Rf1 {[%clk 0:01:45]} Kg7
{[%clk 0:01:04]} 23. f6+ {[%clk 0:01:42]} Kh8 {[%clk 0:01:05]} 24. g4
{[%clk 0:01:33]} Rg8 {[%clk 0:00:58]} 25. Rf3 {[%clk 0:01:33]} g5
{[%clk 0:00:50]} 26. Qd2 {[%clk 0:01:20]} Rc8 {[%clk 0:00:49]} 27. Raf1
{[%clk 0:01:21]} Rg6 {[%clk 0:00:47]} 28. Rf5 {[%clk 0:01:21]} h6
{[%clk 0:00:36]} 29. h4 {[%clk 0:01:10]} Qc7 {[%clk 0:00:34]} 30. hxg5
{[%clk 0:01:08]} Qc2 {[%clk 0:00:33]} 31. R1f2 {[%clk 0:00:39]} Qxd2
{[%clk 0:00:28]} 32. Rxd2 {[%clk 0:00:40]} Kh7 {[%clk 0:00:16]} 33. gxh6
{[%clk 0:00:26]} Rxg4+ {[%clk 0:00:16]} 34. Rg2 {[%clk 0:00:24]} Rc1+
{[%clk 0:00:15]} 35. Kh2 {[%clk 0:00:25]} Rxg2+ {[%clk 0:00:06]} 36. Kxg2
{[%clk 0:00:26]} Kxh6 {[%clk 0:00:07]} 37. Rf2 {[%clk 0:00:21]} Kg6
{[%clk 0:00:07]} 38. Kg3 {[%clk 0:00:11]} Rd1 {[%clk 0:00:04]} 39. Rf3
{[%clk 0:00:12]} Rd2 {[%clk 0:00:05]} 40. a4 {[%clk 0:00:13]} Rb2
{[%clk 0:00:06]} 41. Rf1 {[%clk 0:00:06]} Rxb3 {[%clk 0:00:07]} 42. Rd1
{[%clk 0:00:08]} Kxf6 {[%clk 0:00:06]} 43. Kf3 {[%clk 0:00:09]} Rb4
{[%clk 0:00:07]} 44. Ra1 {[%clk 0:00:10]} a5 {[%clk 0:00:08]} 45. Ra2
{[%clk 0:00:09]} b5 {[%clk 0:00:08]} 46. axb5 {[%clk 0:00:09]} Rxb5 47. Rc2
{[%clk 0:00:10]} Rb6 {[%clk 0:00:05]} 48. Ra2 {[%clk 0:00:08]} Ra6
{[%clk 0:00:07]} 49. Ra4 {[%clk 0:00:09]} Kg5 {[%clk 0:00:07]} 50. Kg3
{[%clk 0:00:10]} f5 {[%clk 0:00:08]} 51. exf5 {[%clk 0:00:11]} Kxf5
{[%clk 0:00:09]} 52. Kf3 {[%clk 0:00:12]} Ra8 {[%clk 0:00:10]} 53. Kg3
{[%clk 0:00:13]} e4 {[%clk 0:00:10]} 54. Rxd4 {[%clk 0:00:14]} exd3
{[%clk 0:00:10]} 55. Kf3 {[%clk 0:00:12]} a4 {[%clk 0:00:11]} 56. Rxd3
{[%clk 0:00:14]} a3 {[%clk 0:00:12]} 57. Rd1 {[%clk 0:00:15]} a2 {[%clk 0:00:13]}
58. Ra1 {[%clk 0:00:16]} Ke5 {[%clk 0:00:15]} 59. Ke3 {[%clk 0:00:17]} Kxd5
{[%clk 0:00:16]} 60. Kd3 {[%clk 0:00:19]} Ke5 {[%clk 0:00:17]} 61. Kc3
{[%clk 0:00:19]} d5 {[%clk 0:00:17]} 62. Kb2 {[%clk 0:00:20]} d4 {[%clk 0:00:12]}
63. Kc2 {[%clk 0:00:14]} Ke4 {[%clk 0:00:12]} 64. Re1+ {[%clk 0:00:12]} Kd5
{[%clk 0:00:13]} 65. Ra1 {[%clk 0:00:13]} Kc4 {[%clk 0:00:15]} 66. Kb2
{[%clk 0:00:11]} d3 {[%clk 0:00:15]} 67. Rc1+ {[%clk 0:00:07]} Kd4
{[%clk 0:00:16]} 68. Ka1 {[%clk 0:00:04]} d2 {[%clk 0:00:14]} 69. Rh1
{[%clk 0:00:06]} Re8 {[%clk 0:00:13]} 70. Kxa2 {[%clk 0:00:03]} Re1
{[%clk 0:00:14]} 71. Rh4+ {[%clk 0:00:04]} Ke5 {[%clk 0:00:15]} 72. Rh5+
{[%clk 0:00:05]} Kf6 {[%clk 0:00:16]} 73. Rd5 {[%clk 0:00:05]} d1=Q
{[%clk 0:00:16]} 0-1

[Event "Blitz 2018"]
[Site "Saint-Petersburg"]
[Date "2018.12.29"]
[Round "1"]
[Board "24"]
[White "Vishnu Prasanna. V (IND)"]
[Black "Bocharov Ivan (RUS)"]
[Result "1-0"]
[LiveChessVersion "1.4.8"]
[BlackElo "2715"]
[WhiteElo "2519"]

1. e4 {[%clk 0:03:02]} e5 {[%clk 0:03:04]} 2. Nf3 {[%clk 0:03:02]} Nc6
{[%clk 0:03:05]} 3. Bb5 {[%clk 0:03:02]} a6 {[%clk 0:03:06]} 4. Ba4
{[%clk 0:03:02]} Nf6 {[%clk 0:03:07]} 5. d3 {[%clk 0:03:03]} d6 {[%clk 0:02:57]}
6. c3 {[%clk 0:03:03]} g6 {[%clk 0:02:53]} 7. Nbd2 {[%clk 0:03:02]} Bg7
{[%clk 0:02:49]} 8. Nf1 {[%clk 0:03:01]} b5 {[%clk 0:02:39]} 9. Bc2
{[%clk 0:02:54]} O-O {[%clk 0:02:24]} 10. Bg5 {[%clk 0:02:41]} h6
{[%clk 0:02:13]} 11. Bh4 {[%clk 0:02:41]} Re8 {[%clk 0:02:05]} 12. Ne3
{[%clk 0:02:26]} g5 {[%clk 0:01:58]} 13. Nxg5 {[%clk 0:02:01]} hxg5
{[%clk 0:01:29]} 14. Bxg5 {[%clk 0:02:01]} Ne7 {[%clk 0:01:13]} 15. Qf3
{[%clk 0:01:59]} Nh7 {[%clk 0:01:11]} 16. h4 {[%clk 0:01:29]} Qd7
{[%clk 0:01:11]} 17. Bb3 {[%clk 0:01:23]} Ng6 {[%clk 0:01:06]} 18. Nf5
{[%clk 0:01:22]} Bb7 {[%clk 0:00:50]} 19. Bh6 {[%clk 0:01:18]} Bxh6
{[%clk 0:00:35]} 20. Nxh6+ {[%clk 0:01:18]} Kg7 {[%clk 0:00:36]} 21. Nxf7
{[%clk 0:01:05]} d5 {[%clk 0:00:34]} 22. Ng5 {[%clk 0:00:53]} Rf8
{[%clk 0:00:36]} 23. Qg3 {[%clk 0:00:50]} Nxg5 {[%clk 0:00:35]} 24. hxg5
{[%clk 0:00:48]} dxe4 {[%clk 0:00:32]} 25. Rh7+ {[%clk 0:00:35]} Kxh7
{[%clk 0:00:31]} 26. Qh2+ {[%clk 0:00:36]} Nh4 {[%clk 0:00:32]} 27. Qxh4+
{[%clk 0:00:36]} Kg6 {[%clk 0:00:33]} 28. Qh6+ {[%clk 0:00:32]} Kf5
{[%clk 0:00:34]} 29. dxe4+ {[%clk 0:00:32]} Kxe4 {[%clk 0:00:11]} 30. Bc2+
{[%clk 0:00:31]} Kf4 {[%clk 0:00:12]} 31. Qh4+ {[%clk 0:00:30]} Qg4
{[%clk 0:00:13]} 32. g3+ {[%clk 0:00:31]} Kf3 {[%clk 0:00:14]} 33. Bd1+
{[%clk 0:00:32]} Kg2 {[%clk 0:00:13]} 34. Bxg4 {[%clk 0:00:32]} Rad8
{[%clk 0:00:11]} 35. Qh3+ {[%clk 0:00:30]} Kg1 {[%clk 0:00:12]} 36. Ke2+
{[%clk 0:00:31]} 1-0

[Event "Blitz 2018"]
[Site "Saint-Petersburg"]
[Date "2018.12.29"]
[Round "1"]
[Board "25"]
[White "Guseinov Gadir (AZE)"]
[Black "Anisimov Pavel (RUS)"]
[Result "1-0"]
[LiveChessVersion "1.4.8"]
[BlackElo "2519"]
[WhiteElo "2708"]

1. e4 {[%clk 0:03:01]} c5 {[%clk 0:03:03]} 2. Nc3 {[%clk 0:03:02]} a6
{[%clk 0:03:04]} 3. Nf3 {[%clk 0:03:03]} d6 {[%clk 0:03:05]} 4. d4
{[%clk 0:03:04]} cxd4 {[%clk 0:03:06]} 5. Nxd4 {[%clk 0:03:05]} Nf6
{[%clk 0:03:07]} 6. h3 {[%clk 0:03:07]} e5 {[%clk 0:03:06]} 7. Nb3
{[%clk 0:03:06]} Be6 {[%clk 0:02:55]} 8. f4 {[%clk 0:03:01]} g6 {[%clk 0:02:51]}
9. Be2 {[%clk 0:02:57]} Nbd7 {[%clk 0:02:42]} 10. O-O {[%clk 0:02:56]} Rc8
{[%clk 0:02:42]} 11. f5 {[%clk 0:02:56]} gxf5 {[%clk 0:02:31]} 12. exf5
{[%clk 0:02:57]} Bc4 {[%clk 0:02:32]} 13. Bg5 {[%clk 0:02:46]} Be7
{[%clk 0:02:30]} 14. Bxc4 {[%clk 0:02:42]} Rxc4 {[%clk 0:02:30]} 15. Qe2
{[%clk 0:02:43]} Rc6 {[%clk 0:02:08]} 16. Rad1 {[%clk 0:02:41]} Rg8
{[%clk 0:01:48]} 17. Bxf6 {[%clk 0:02:39]} Nxf6 {[%clk 0:01:48]} 18. Nd5
{[%clk 0:02:40]} Nxd5 {[%clk 0:01:35]} 19. Rxd5 {[%clk 0:02:41]} Rg5
{[%clk 0:00:52]} 20. c3 {[%clk 0:02:38]} h5 {[%clk 0:00:45]} 21. Kh1
{[%clk 0:02:34]} Qd7 {[%clk 0:00:34]} 22. Qf3 {[%clk 0:02:24]} f6
{[%clk 0:00:30]} 23. Nd2 {[%clk 0:02:25]} Kf8 {[%clk 0:00:19]} 24. Ne4
{[%clk 0:02:26]} Rg7 {[%clk 0:00:16]} 25. Qxh5 {[%clk 0:02:26]} Qe8
{[%clk 0:00:17]} 26. Qxe8+ {[%clk 0:02:14]} Kxe8 {[%clk 0:00:18]} 27. Rfd1
{[%clk 0:02:15]} Kd7 {[%clk 0:00:20]} 28. b3 {[%clk 0:02:16]} b5 {[%clk 0:00:14]}
29. g4 {[%clk 0:02:15]} Kc7 {[%clk 0:00:13]} 30. Kg2 {[%clk 0:02:14]} Rh7
{[%clk 0:00:13]} 31. Kg3 {[%clk 0:02:13]} Rf7 {[%clk 0:00:08]} 32. h4
{[%clk 0:02:13]} Rg7 {[%clk 0:00:08]} 33. Kf3 {[%clk 0:02:10]} Rh7
{[%clk 0:00:08]} 34. Rh1 {[%clk 0:02:10]} Kd7 {[%clk 0:00:06]} 35. Kg2
{[%clk 0:02:03]} Ke8 {[%clk 0:00:07]} 36. g5 {[%clk 0:02:00]} fxg5
{[%clk 0:00:06]} 37. hxg5 {[%clk 0:02:01]} Rxh1 {[%clk 0:00:06]} 38. Kxh1
{[%clk 0:02:02]} Kf7 {[%clk 0:00:06]} 39. Kg2 {[%clk 0:02:02]} b4
{[%clk 0:00:06]} 40. c4 {[%clk 0:02:00]} Bf8 41. Kf3 {[%clk 0:01:58]} Rb6
{[%clk 0:00:06]} 42. Kg4 {[%clk 0:01:54]} Be7 {[%clk 0:00:07]} 43. f6
{[%clk 0:01:51]} 1-0

[Event "Blitz 2018"]
[Site "Saint-Petersburg"]
[Date "2018.12.29"]
[Round "1"]
[Board "26"]
[White "Belozerov Andrei (RUS)"]
[Black "Jobava Baadur (GEO)"]
[Result "0-1"]
[LiveChessVersion "1.4.8"]
[BlackElo "2705"]
[WhiteElo "2518"]

1. e4 {[%clk 0:03:02]} c6 {[%clk 0:03:03]} 2. d4 {[%clk 0:03:02]} d5
{[%clk 0:03:03]} 3. Nd2 {[%clk 0:03:04]} dxe4 {[%clk 0:03:01]} 4. Nxe4
{[%clk 0:03:05]} Nf6 {[%clk 0:03:00]} 5. Nxf6+ {[%clk 0:03:05]} exf6
{[%clk 0:03:01]} 6. c3 {[%clk 0:03:03]} Bd6 {[%clk 0:02:59]} 7. Bd3
{[%clk 0:03:04]} O-O {[%clk 0:02:58]} 8. Qc2 {[%clk 0:03:05]} Re8+
{[%clk 0:02:52]} 9. Ne2 {[%clk 0:03:06]} g6 {[%clk 0:02:52]} 10. Be3
{[%clk 0:02:36]} Nd7 {[%clk 0:02:51]} 11. O-O {[%clk 0:02:13]} Qc7
{[%clk 0:02:50]} 12. g3 {[%clk 0:02:02]} Nf8 {[%clk 0:02:43]} 13. Rfe1
{[%clk 0:02:00]} Bg4 {[%clk 0:02:37]} 14. Qd2 {[%clk 0:01:42]} Ne6
{[%clk 0:02:25]} 15. Kg2 {[%clk 0:01:33]} Qd7 {[%clk 0:02:21]} 16. Nf4
{[%clk 0:01:05]} Ng5 {[%clk 0:02:18]} 17. h4 {[%clk 0:00:00]} Bf3+
{[%clk 0:02:18]} 0-1